Joueurs de rugby ayant joué en TOP14 - Statistiques

Statistiques générales
  • Ce quiz a été pris 1 248 fois
  • Le résultat moyen est 7 sur 16
Answers on the Grid
Answers color-coded by a green-red scale on the quiz's grid according to % correct below.
Antoine Dupont
Jonah Lomu
Jordie Barrett
Nans Ducuing
Sonny Bill Williams
James O’Connor
Victor Vito
Kurtley Beale
Dan Carter
Aaron Smith
Courtney Lawes
Israel Folau
Faf de Klerk
Kotaro Matsushima
Brian O'Driscoll
Virimi Vakatawa
Davit Niniashvili
Gareth Davies
Eben Etzebeth
Richie McCaw
Jonny Gray
Darcy Graham
Finn Russell
Damian McKenzie
David Pocock
Johnny Sexton
Rodrigo Isgró
Juan Cruz Mallía
Santiago Carreras
Gela Aprasidze
 
Statistiques - réponses
Réponse % Correct
Antoine Dupont
99%
Nans Ducuing
71%
Dan Carter
59%
Virimi Vakatawa
51%
Victor Vito
49%
Juan Cruz Mallía
46%
Eben Etzebeth
43%
Finn Russell
41%
Sonny Bill Williams
39%
Davit Niniashvili
38%
James O’Connor
31%
Johnny Sexton
29%
Kotaro Matsushima
26%
Jonny Gray
23%
Kurtley Beale
19%
Gela Aprasidze
15%
Aucun quiz correspondant
Distribution des résultats
% des personnes avec chaque résultat
Percentile par nombre de réponses
Votre historique - résultats
Vous n’avez pas pris ce quiz